000 00774cam a2200241 a 4500
001 000015995
005 20250526115843.0
008 710621s1971 nyu b 001 0 eng
040 _aDO-SdBNP
_bspa
_cDLC
_dBNPHU
082 _a191
_bV856c
100 1 _aVivas, Eliseo.
_935937
245 1 0 _aContra Marcuse.
260 _aBuenos Aires, Argentina :
_bEditorial Paidos,
_c[1971].
300 _a236 p. ;
_c24 cm.
490 1 _aMundo moderno
500 _aVersión castellana de Rolando Costa Picazo
504 _aIncluye referencias bibliográficas (p. 18.)
600 1 0 _aMarcuse, Herbert,
_d1898-1979
_95128
650 4 _aFilosofía
_zEstados Unidos
_935938
700 1 _aCosta Picazo, Rolando
_927380
830 0 _aMundo moderno
_935939
910 _aCatalogación derivada
999 _c15537
_d15537